Principles of Accounts (Record no. 9760)

MARC details
000 -LEADER
fixed length control field 00368nam a22001457a 4500
008 - FIXED-LENGTH DATA ELEMENTS--GENERAL INFORMATION
fixed length control field 231205b |||||||| |||| 00| 0 eng d
082 ## - DEWEY DECIMAL CLASSIFICATION NUMBER
Classification number 657 DAS
100 ## - MAIN ENTRY--PERSONAL NAME
Personal name Das, Monilal.
245 ## - TITLE STATEMENT
Title Principles of Accounts
250 ## - EDITION STATEMENT
Edition statement 7th ed.
260 ## - PUBLICATION, DISTRIBUTION, ETC.
Place of publication, distribution, etc. kolkata :
Name of publisher, distributor, etc. Abhijit Biswas,
Date of publication, distribution, etc. 1998.
300 ## - PHYSICAL DESCRIPTION
Extent 1024 p:
Dimensions 23.5 Cm
700 ## - ADDED ENTRY--PERSONAL NAME
Personal name Das, Chandrima.
Relator term Author
942 ## - Added entry Elements (Koha)
Source of classification or shelving scheme Dewey Decimal Classification
Holdings
Withdrawn status Lost status Source of classification or shelving scheme Damaged status Not for loan Collection code Home library Current library Shelving location Date acquired Serial Enumeration / chronology Total Checkouts Total Renewals Full call number Barcode Date last seen Date last checked out Price effective from Koha item type
    Dewey Decimal Classification     Main TEST RTC Library RTC Library Main opac 05/12/2023 178000 3 6 657 DAS 30018920 12/12/2025 24/09/2025 05/12/2023 Main
Royal Thimphu College || All Right Reserved